[Event "FRA-ch U16 Girls"]
[Site "Montbeliard"]
[Date "2014.04.25"]
[Round "7"]
[White "Craquelin, Mathie"]
[Black "Le Bihan, Alison"]
[Result "0-1"]
[WhiteElo "1555"]
[BlackElo "1669"]
[PlyCount "120"]
[EventDate "2014.04.20"]
[EventType "swiss"]
[EventRounds "9"]
[EventCountry "FRA"]
[SourceTitle "CBM 160 Extra"]
[Source "ChessBase"]
[SourceDate "2014.07.01"]
[SourceVersion "1"]
[SourceVersionDate "2014.07.01"]
[SourceQuality "1"]

1. e4 c6 2. d4 g6 3. Nf3 d5 4. e5 Bg4 5. Nbd2 Bg7 6. Bd3 Nh6 7. h3 Bf5 8. Bxf5 Nxf5 9. Nf1 e6 10. c3 0-0 11. Ne3 Ne7 12. Ng4 Nd7 13. Bg5 Rc8 14. Qd2 Re8 15. h4 h5 16. Nf6+ Bxf6 17. Bxf6 Nxf6 18. exf6 Nf5 19. Qg5 Nd6 20. Ne5 Ne4 21. Qf4 Qxf6 22. Qxf6 Nxf6 23. f3 c5 24. dxc5 Rxc5 25. 0-0-0 b5 26. Kb1 a5 27. g4 Rc7 28. Rdg1 Kf8 29. Rh2 Ke7 30. Rd2 Rh8 31. g5 Nd7 32. Nxd7 Kxd7 33. Rd4 Rhc8 34. Rgd1 Rc4 35. Rxc4 Rxc4 36. Rd4 Ke7 37. f4 f6 38. Rxc4 dxc4 39. Kc2 fxg5 40. fxg5 Kd6 41. Kd2 a4 42. Kc2 Kd5 43. b3 cxb3+ 44. axb3 a3 45. Kb1 e5 46. Ka2 e4 47. Kxa3 e3 48. Kb4 Kc6 49. c4 bxc4 50. Kxc4 e2 51. b4 e1Q 52. b5+ Kb6 53. Kd5 Kxb5 54. Kd6 Kc4 55. Kd7 Qe5 56. Kc6 Qe6+ 57. Kb7 Kb5 58. Ka7 Qd7+ 59. Kb8 Kb6 60. Ka8 Qb7# 0-1

[Event "Reunion op 15th"]
[Site "St Denis"]
[Date "2013.10.17"]
[Round "6"]
[White "Craquelin, Mathie"]
[Black "Olivier, Tom"]
[Result "0-1"]
[WhiteElo "1531"]
[BlackElo "1739"]
[PlyCount "118"]
[EventDate "2013.10.12"]
[EventType "swiss"]
[EventRounds "9"]
[EventCountry "RUF"]
[SourceTitle "EXT 2014"]
[Source "ChessBase"]
[SourceDate "2013.11.20"]
[SourceVersion "1"]
[SourceVersionDate "2013.11.20"]
[SourceQuality "1"]

1. e4 c6 2. d4 d5 3. e5 Bf5 4. Nf3 e6 5. c3 c5 6. dxc5 Bxc5 7. Bb5+ Nd7 8. Qa4 a6 9. Bxd7+ Qxd7 10. Qxd7+ Kxd7 11. Nbd2 Bd3 12. Nb3 Bb6 13. Nfd4 Ne7 14. Bf4 Rac8 15. Kd2 Bg6 16. Rac1 Rc7 17. Bg3 Rhc8 18. Bf4 Nc6 19. Nxc6 bxc6 20. Be3 Bxe3+ 21. Kxe3 c5 22. Rhd1 Rb8 23. Rd2 Rb5 24. Re1 a5 25. Nc1 c4 26. Ree2 a4 27. f3 a3 28. Kf2 axb2 29. Rxb2 Rcb7 30. Rxb5 Rxb5 31. g3 Rb1 32. Re1 Kc6 33. h3 Kb5 34. Ke3 Ka4 35. Kd2 Rb2+ 36. Ke3 Rc2 37. Kd4 Ka3 38. h4 Kb2 39. Ne2 Kxa2 40. Nf4 Kb2 41. Nxg6 hxg6 42. Re3 Rd2+ 43. Kc5 Rd3 44. Rxd3 cxd3 45. Kd6 d2 46. Ke7 d1Q 47. Kxf7 Qxf3+ 48. Kxe6 Kxc3 49. Kd7 Qf7+ 50. Kd6 d4 51. e6 Qe8 52. e7 d3 53. Ke6 d2 54. g4 d1Q 55. g5 Qe2+ 56. Kd5 Qd7+ 57. Kc5 Qc4+ 58. Kb6 Qdb5+ 59. Ka7 Qca4# 0-1

[Event "Reunion op 15th"]
[Site "St Denis"]
[Date "2013.10.17"]
[Round "7"]
[White "Weber, Richard"]
[Black "Craquelin, Mathie"]
[Result "1-0"]
[WhiteElo "1688"]
[BlackElo "1531"]
[PlyCount "109"]
[EventDate "2013.10.12"]
[EventType "swiss"]
[EventRounds "9"]
[EventCountry "RUF"]
[SourceTitle "EXT 2014"]
[Source "ChessBase"]
[SourceDate "2013.11.20"]
[SourceVersion "1"]
[SourceVersionDate "2013.11.20"]
[SourceQuality "1"]

1. Nf3 d5 2. d4 Nf6 3. g3 g6 4. Bg2 Bg7 5. 0-0 0-0 6. Bf4 Nc6 7. c3 Bf5 8. Ne5 Nxe5 9. Bxe5 c6 10. Nd2 Qd7 11. Bxf6 Bxf6 12. e4 dxe4 13. Bxe4 Bxe4 14. Nxe4 Bg7 15. Qb3 Rab8 16. Rfe1 Rfe8 17. Re2 Qd5 18. Rae1 Qxb3 19. axb3 e6 20. Nd6 Re7 21. f4 Rd8 22. Nc4 Rde8 23. b4 Rd7 24. Kf2 Bf8 25. g4 Rde7 26. h4 Bg7 27. Kf3 b6 28. Ra1 f5 29. g5 h6 30. gxh6 Bxh6 31. Ne5 c5 32. dxc5 bxc5 33. bxc5 Rc8 34. c6 Kh7 35. Rd2 Bg7 36. Rd7 Rxd7 37. cxd7 Rd8 38. Rxa7 Bxe5 39. fxe5 Kg7 40. c4 Kf7 41. c5 Ke7 42. c6 Rh8 43. Kg3 Rf8 44. Kf4 Rh8 45. d8Q+ Kxd8 46. Ra8+ Kc7 47. Rxh8 Kxc6 48. Rh6 g5+ 49. hxg5 Kd5 50. g6 Kc4 51. g7 Kb3 52. g8Q Kxb2 53. Qc8 Kb3 54. Rh7 Ka3 55. Qb8 1-0

[Event "Reunion op 15th"]
[Site "St Denis"]
[Date "2013.10.16"]
[Round "5"]
[White "Lee Luen Mang, Alan Stefan"]
[Black "Craquelin, Mathie"]
[Result "0-1"]
[WhiteElo "1599"]
[BlackElo "1531"]
[PlyCount "66"]
[EventDate "2013.10.12"]
[EventType "swiss"]
[EventRounds "9"]
[EventCountry "RUF"]
[SourceTitle "EXT 2014"]
[Source "ChessBase"]
[SourceDate "2013.11.20"]
[SourceVersion "1"]
[SourceVersionDate "2013.11.20"]
[SourceQuality "1"]

1. e4 c5 2. Nf3 e6 3. d4 cxd4 4. Nxd4 a6 5. Be3 Qc7 6. a3 Nf6 7. Nc3 Nc6 8. Nb3 Be7 9. f3 b5 10. Bd3 d6 11. Qd2 Bb7 12. g4 Ne5 13. Qf2 d5 14. g5 Nxd3+ 15. cxd3 Nd7 16. 0-0 dxe4 17. fxe4 0-0 18. Rac1 Qd8 19. Qg3 Rc8 20. h4 Nc5 21. Nxc5 Bxc5 22. Bxc5 Rxc5 23. Qe3 Rc8 24. h5 e5 25. h6 gxh6 26. gxh6 Kh8 27. Qf2 Qg5+ 28. Kh1 Qxh6+ 29. Qh2 Qxh2+ 30. Kxh2 Rg8 31. Rxf7 Rc6 32. Rf3 Rcg6 33. b4 Bc8 0-1

[Event "Reunion op 15th"]
[Site "St Denis"]
[Date "2013.10.12"]
[Round "1"]
[White "Pinot, Christophe"]
[Black "Craquelin, Mathie"]
[Result "1-0"]
[WhiteElo "1965"]
[BlackElo "1531"]
[PlyCount "129"]
[EventDate "2013.10.12"]
[EventType "swiss"]
[EventRounds "9"]
[EventCountry "RUF"]
[SourceTitle "EXT 2014"]
[Source "ChessBase"]
[SourceDate "2013.11.20"]
[SourceVersion "1"]
[SourceVersionDate "2013.11.20"]
[SourceQuality "1"]

1. d4 d5 2. c4 c6 3. Nf3 dxc4 4. e3 b5 5. a4 Nf6 6. axb5 cxb5 7. b3 b4 8. bxc4 a5 9. Be2 e6 10. Ne5 Bb7 11. Qa4+ Nfd7 12. c5 Qc7 13. Bb2 Bxg2 14. Rg1 Bc6 15. Nxc6 Nxc6 16. Bf3 Ra6 17. Bxc6 Qxc6 18. Qxc6 Rxc6 19. Rxa5 Rc8 20. Ke2 Rb8 21. Nd2 Nf6 22. f3 Be7 23. Rxg7 Rg8 24. Rxg8+ Nxg8 25. Kd3 Nf6 26. e4 Kd8 27. Nb3 Nh5 28. Bc1 Nf6 29. Bd2 Kc7 30. Bf4+ Kc8 31. Bxb8 Kxb8 32. Rb5+ Kc7 33. Rxb4 Nh5 34. Kc4 Nf4 35. d5 exd5+ 36. exd5 Bd8 37. Ra4 Kd7 38. Ra7+ Ke8 39. Nd4 Bf6 40. Nf5 Ng6 41. Nd6+ Kd8 42. Nxf7+ Ke8 43. Nd6+ Kd8 44. Kb5 Be5 45. Nf7+ Ke8 46. Nxe5 Nxe5 47. f4 Nd3 48. f5 Nf4 49. d6 Nd5 50. Rxh7 Nc3+ 51. Kc4 Na4 52. Rb7 Kf8 53. Rb4 Nxc5 54. Kxc5 Ke8 55. Rb7 Kd8 56. Kc6 Ke8 57. Rb8+ Kf7 58. d7 Kf6 59. d8Q+ Kxf5 60. Qe7 Kg6 61. Rf8 Kh6 62. Qf6+ Kh5 63. Rh8+ Kg4 64. Rg8+ Kh5 65. Qh8# 1-0

[Event "Reunion op 14th"]
[Site "St Denis"]
[Date "2012.10.06"]
[Round "1"]
[White "Craquelin, Mathie"]
[Black "Hamon, Christian"]
[Result "0-1"]
[WhiteElo "1590"]
[BlackElo "2053"]
[PlyCount "124"]
[EventDate "2012.10.06"]
[EventType "swiss"]
[EventRounds "9"]
[EventCountry "RUF"]
[SourceTitle "EXT 2013"]
[Source "ChessBase"]
[SourceDate "2012.11.22"]
[SourceVersion "1"]
[SourceVersionDate "2012.11.22"]
[SourceQuality "1"]

1. e4 Nf6 2. Nc3 d5 3. e5 Ne4 4. Nxe4 dxe4 5. d3 Qd5 6. d4 e3 7. Bxe3 Bf5 8. Nf3 e6 9. Be2 Be7 10. h3 0-0 11. Bd3 Bxd3 12. Qxd3 Rd8 13. 0-0 Nc6 14. Rfd1 Nb4 15. Qd2 c5 16. c3 cxd4 17. Bxd4 Nc6 18. a3 Na5 19. c4 Nxc4 20. Qe2 Qb5 21. Rac1 Nxa3 22. Qe3 Nc4 23. Qd3 Rac8 24. Nd2 Na3 25. Qe4 Nc2 26. Bxa7 Nb4 27. Be3 Rxc1 28. Rxc1 Nc6 29. Nc4 Qb4 30. Rc2 Qe1+ 31. Kh2 Rd1 32. Rd2 Rxd2 33. Nxd2 Bb4 34. Nf3 Qe2 35. Nd4 Nxd4 36. Qxd4 Qb5 37. Kg3 Be7 38. Kh2 h5 39. g3 Qc6 40. Qb6 Qd5 41. Qd4 Qxd4 42. Bxd4 Kf8 43. Kg2 Ke8 44. Kf3 Kd7 45. Ke4 Kc6 46. Bc3 Kb5 47. f4 g6 48. h4 Kc4 49. Ke3 b5 50. Ke4 Bc5 51. Kf3 b4 52. Bd2 Kb3 53. Ke2 Kxb2 54. Kd1 b3 55. Bc1+ Kb1 56. Bd2 Bf2 57. Be1 Bxe1 58. Kxe1 Kc2 59. Ke2 b2 60. Kf3 b1Q 61. g4 Qd1+ 62. Ke4 Qd3# 0-1

[Event "Reunion op 13th"]
[Site "St Denis"]
[Date "2011.10.06"]
[Round "6"]
[White "Craquelin, Mathie"]
[Black "Vitry, Patrick"]
[Result "0-1"]
[WhiteElo "1510"]
[BlackElo "1705"]
[PlyCount "154"]
[EventDate "2011.10.01"]
[EventType "swiss"]
[EventRounds "9"]
[EventCountry "RUF"]
[SourceTitle "EXT 2012"]
[Source "ChessBase"]
[SourceDate "2011.11.24"]
[SourceVersion "1"]
[SourceVersionDate "2011.11.24"]
[SourceQuality "1"]

1. e4 e5 2. Nf3 Nf6 3. d3 Nc6 4. Nc3 d5 5. exd5 Nxd5 6. Nxd5 Qxd5 7. c4 Bb4+ 8. Bd2 Qa5 9. a3 Bxd2+ 10. Qxd2 Qxd2+ 11. Nxd2 Bf5 12. Nf3 Rd8 13. Rd1 0-0 14. Be2 Rd7 15. Nh4 Bg6 16. Nxg6 hxg6 17. 0-0 Nd4 18. Rfe1 Rfd8 19. Bf1 f6 20. Re3 g5 21. h3 Rd6 22. Ree1 Rb6 23. Rb1 Rb3 24. Red1 Kf7 25. Kh2 a6 26. Rd2 Rd6 27. Rdd1 Nc2 28. Rdc1 Nd4 29. Rd1 c5 30. Kg1 Rdb6 31. Rd2 Rxa3 32. bxa3 Rxb1 33. Ra2 Ne6 34. g3 Nd4 35. Kg2 Ke6 36. a4 a5 37. Kg1 Nf3+ 38. Kg2 Ne1+ 39. Kg1 Nxd3 40. Kg2 Rb2 41. Rxb2 Nxb2 42. Kf3 Nxa4 43. Ke2 Nc3+ 44. Kd3 Na2 45. Kc2 Nb4+ 46. Kb3 b6 47. f3 f5 48. g4 g6 49. Kc3 a4 50. Kb2 e4 51. fxe4 fxe4 52. Ka3 Nc2+ 53. Kxa4 Nd4 54. Ka3 Ke5 55. Kb2 Kf4 56. Kc1 Ke3 57. Bg2 Ne2+ 58. Kd1 Nf4 59. Bxe4 Kxe4 60. Kc2 Nxh3 61. Kb3 Kd4 62. Kc2 Kxc4 63. Kb2 b5 64. Ka3 Kc3 65. Ka2 b4 66. Kb1 Kb3 67. Ka1 Kc2 68. Ka2 b3+ 69. Ka3 b2 70. Ka4 b1Q 71. Ka5 Nf4 72. Ka6 Nd5 73. Ka7 Ne7 74. Ka8 Qb5 75. Ka7 Nc6+ 76. Ka8 Na5 77. Ka7 Qb7# 0-1

[Event "Reunion op 13th"]
[Site "St Denis"]
[Date "2011.10.05"]
[Round "5"]
[White "Tournebise, Nikita"]
[Black "Craquelin, Mathie"]
[Result "0-1"]
[WhiteElo "1720"]
[BlackElo "1510"]
[PlyCount "80"]
[EventDate "2011.10.01"]
[EventType "swiss"]
[EventRounds "9"]
[EventCountry "RUF"]
[SourceTitle "EXT 2012"]
[Source "ChessBase"]
[SourceDate "2011.11.24"]
[SourceVersion "1"]
[SourceVersionDate "2011.11.24"]
[SourceQuality "1"]

1. e4 e5 2. Nf3 Nc6 3. Bc4 Bc5 4. b4 Bb6 5. c3 d6 6. Qb3 Qe7 7. d3 h6 8. Be3 Bxe3 9. fxe3 Be6 10. 0-0 Nf6 11. Nbd2 Bxc4 12. Qxc4 Qe6 13. Qb5 Rb8 14. Qa4 0-0 15. d4 exd4 16. exd4 Qd7 17. Qc2 Rfe8 18. Rae1 a6 19. e5 dxe5 20. dxe5 Ng4 21. e6 Rxe6 22. Rxe6 Qxe6 23. Re1 Qd7 24. h3 Nf6 25. Qb3 Re8 26. Rd1 Qe6 27. Qc2 Rd8 28. Re1 Qd7 29. Nc4 Qd3 30. Qb3 Qd5 31. Ncd2 Qxb3 32. Nxb3 Re8 33. Rd1 Re3 34. Rc1 Nd5 35. Nc5 Rxc3 36. Re1 Ncxb4 37. Nxb7 Nxa2 38. Re8+ Kh7 39. Rc8 Ne7 40. Ne5 Nxc8 0-1

[Event "Reunion op 13th"]
[Site "St Denis"]
[Date "2011.10.01"]
[Round "1"]
[White "Letreguilly, Olivier"]
[Black "Craquelin, Mathie"]
[Result "1-0"]
[WhiteElo "2342"]
[BlackElo "1510"]
[PlyCount "81"]
[EventDate "2011.10.01"]
[EventType "swiss"]
[EventRounds "9"]
[EventCountry "RUF"]
[SourceTitle "EXT 2012"]
[Source "ChessBase"]
[SourceDate "2011.11.24"]
[SourceVersion "1"]
[SourceVersionDate "2011.11.24"]
[SourceQuality "1"]

1. e4 e5 2. Nf3 Nc6 3. Bb5 Nge7 4. c3 Ng6 5. d4 exd4 6. cxd4 a6 7. Bc4 Bb4+ 8. Nc3 0-0 9. 0-0 Bxc3 10. bxc3 h6 11. Ne1 d6 12. f4 Na5 13. Bd3 Re8 14. Qh5 b5 15. f5 Qh4 16. Qxh4 Nxh4 17. g3 Nxf5 18. exf5 f6 19. Ng2 Nc6 20. Bd2 Bd7 21. Nf4 Ne7 22. g4 Rac8 23. a4 c6 24. axb5 axb5 25. Ra7 Rcd8 26. Re1 Kf8 27. Kf1 Kf7 28. Rc7 Kf8 29. Kf2 Kf7 30. Ra1 Rg8 31. Raa7 Rge8 32. Rxd7 Rxd7 33. Rxd7 d5 34. Ng6 h5 35. gxh5 Kg8 36. Nxe7+ Kf7 37. Ng6+ Kg8 38. h6 gxh6 39. Bxh6 Re2+ 40. Kxe2 c5 41. Rg7# 1-0

[Event "FRA-ch U12 Girls"]
[Site "Troyes"]
[Date "2010.06.16"]
[Round "7"]
[White "Craquelin, Mathie"]
[Black "Terrazzoni, Claire"]
[Result "0-1"]
[WhiteElo "1410"]
[BlackElo "1530"]
[PlyCount "124"]
[EventDate "2010.04.11"]
[EventType "swiss"]
[EventRounds "9"]
[EventCountry "FRA"]
[SourceTitle "EXT 2012"]
[Source "ChessBase"]
[SourceDate "2011.11.24"]
[SourceVersion "1"]
[SourceVersionDate "2011.11.24"]
[SourceQuality "1"]

1. e4 c5 2. Nf3 d6 3. Nc3 Nf6 4. d3 g6 5. Be2 Bg7 6. 0-0 0-0 7. Bg5 Nc6 8. Re1 Be6 9. d4 cxd4 10. Nxd4 Qb6 11. Ndb5 a6 12. Be3 Qd8 13. Nd4 Nxd4 14. Bxd4 Rc8 15. Bf3 Nd7 16. Bxg7 Kxg7 17. e5 Nxe5 18. Bxb7 Rb8 19. Bxa6 Rxb2 20. Rb1 Rxb1 21. Qxb1 Qa5 22. Re3 Qxa6 23. Qa1 Kg8 24. Ne4 Qxa2 25. Qxa2 Bxa2 26. Rh3 Rb8 27. Kf1 Rb2 28. Ng5 h5 29. Rc3 Nc4 30. Ke2 d5 31. Kd3 Ne5+ 32. Kd4 Ng4 33. Rc8+ Kg7 34. Rc7 Kf6 35. Nh7+ Ke6 36. Nf8+ Kf6 37. Nh7+ Kg7 38. Ng5 e5+ 39. Kc3 Rb5 40. Nxf7 d4+ 41. Kd3 Bxf7 42. f3 Nxh2 43. Ke2 g5 44. Kf2 g4 45. fxg4 Nxg4+ 46. Ke2 Ne3 47. g3 Rb2 48. Kd3 Kf6 49. Rc6+ Kg5 50. Ke4 Bd5+ 51. Kd3 Bxc6 52. c3 dxc3 53. Kxc3 Rg2 54. Kb4 Rxg3 55. Kc5 h4 56. Kxc6 h3 57. Kd6 h2 58. Kxe5 h1Q 59. Ke6 Qd5+ 60. Ke7 Kf5 61. Ke8 Rg7 62. Kf8 Qf7# 0-1

[Event "FRA-ch U12 Girls"]
[Site "Troyes"]
[Date "2010.04.15"]
[Round "6"]
[White "Fraval, Julie"]
[Black "Craquelin, Mathie"]
[Result "1-0"]
[WhiteElo "1640"]
[BlackElo "1410"]
[PlyCount "93"]
[EventDate "2010.04.11"]
[EventType "swiss"]
[EventRounds "9"]
[EventCountry "FRA"]
[SourceTitle "EXT 2012"]
[Source "ChessBase"]
[SourceDate "2011.11.24"]
[SourceVersion "1"]
[SourceVersionDate "2011.11.24"]
[SourceQuality "1"]

1. e4 e5 2. Nf3 Nc6 3. d4 exd4 4. Nxd4 Nf6 5. Nxc6 bxc6 6. e5 Nd5 7. c4 Nb6 8. Nd2 d5 9. Qb3 dxc4 10. Nxc4 Be6 11. Be3 c5 12. Rd1 Qc8 13. Qb5+ Bd7 14. Nxb6 Bxb5 15. Bxb5+ c6 16. Nxc8 cxb5 17. Nd6+ Bxd6 18. Rxd6 c4 19. Ke2 a6 20. b3 cxb3 21. axb3 h6 22. Ra1 a5 23. b4 a4 24. Rb6 Kd7 25. Rxb5 Kc6 26. Rc5+ Kd7 27. Ra5 Kc7 28. R5xa4 Rxa4 29. Rxa4 Kc6 30. Ra7 Rf8 31. Bc5 Re8 32. Re7 Rxe7 33. Bxe7 Kd7 34. Bf8 g6 35. Bxh6 Kc6 36. Bf8 Kb5 37. Kd3 g5 38. h3 Kb6 39. Kc4 Kb7 40. Kc5 Ka7 41. Kc6 Ka6 42. b5+ Ka7 43. b6+ Kb8 44. Bd6+ Ka8 45. b7+ Ka7 46. b8Q+ Ka6 47. Qb6# 1-0

[Event "FRA-ch U10 Girls"]
[Site "Le Grand Bornand"]
[Date "2007.04.??"]
[Round "2"]
[White "Dupont, Celine"]
[Black "Craquelin, Mathie"]
[Result "0-1"]
[WhiteElo "1410"]
[BlackElo "1180"]
[PlyCount "66"]
[EventDate "2007.04.07"]
[EventType "swiss"]
[EventRounds "9"]
[EventCountry "FRA"]
[SourceTitle "CBM 118 Extra"]
[Source "ChessBase"]
[SourceDate "2007.07.04"]
[SourceVersion "1"]
[SourceVersionDate "2007.07.04"]
[SourceQuality "1"]

1. e4 e5 2. Nf3 Nc6 3. Bb5 Bc5 4. 0-0 Nf6 5. Re1 Ng4 6. Rf1 0-0 7. h3 Nxf2 8. Rxf2 Bxf2+ 9. Kxf2 a6 10. Ba4 b5 11. Bb3 Bb7 12. c3 Na5 13. Qe1 Nxb3 14. axb3 Re8 15. c4 b4 16. d3 a5 17. Be3 Re6 18. Nbd2 h6 19. g3 Qf6 20. Kg2 Qg6 21. Bf2 Qh5 22. g4 Qg6 23. Bh4 Raa6 24. c5 d6 25. cxd6 Rexd6 26. Nxe5 Qe6 27. Bg3 f6 28. Nec4 Rd4 29. Nf3 Rxd3 30. Nxa5 Bxe4 31. Qxb4 Bxf3+ 32. Kf2 Qe2+ 33. Kg1 Qg2# 0-1